000
00330nam a2200145Ia 4500
003
OSt
005
20240311163229.0
008
170523s9999 xx 000 0 und d
020
_a
978-0130094148
040
_c
iimtu meerut
100
_a
JESSUP- VALACICH
245
0
_a
INFORMATION SYSTEM TODAY
260
_b
PHI
942
_2
ddc
_c
02
999
_c
1453
_d
1453